| 000 | 004190000a22001570004500 | ||
|---|---|---|---|
| 020 | _a84-8280-157-0 | ||
| 041 | 0 | _aSPA | |
| 082 | 0 | 4 | _aG 851.18 P493s |
| 100 | 1 | _aPetrarca, Francesco | |
| 245 | 1 | 0 | _aSonetos y canciones / Francesco Petrarca ; Ángel Crespo, Traductor |
| 260 | _aBogotá : Oveja Negra | ||
| 300 | _a176 Pag | ||
| 440 | 0 | _aColección Historia Universal de la Literatura | |
| 001 | 13282 | ||
| 942 | _cBK | ||
| 999 |
_c42266 _d42266 |
||